00209nam a2200085Ia 450000100070000000500170000700800410002424500290006526000290009471162820250826162811.0250824s9999 xx 000 0 und d 0aPİNHANcELİF ŞAFAK bDOĞAN EGMONT YAYINLARI